Musei italiani per numero di visitatori - Statistics

Statistiche generali
  • Questo quiz è stato fatto 64 volte
  • Il punteggio medio è 4 su 15
Statistiche sulle risposte
Regione Numero visitatori Museo % Corretto
Toscana 4 391 861 Gallerie degli Uffizi
89%
Piemonte 853 320 Fondazione del Museo delle Antichità Egizie di Torino
61%
Lazio 7 617 649 Parco archeologico del Colosseo
58%
Campania 3 935 791 Parco archeologico di Pompei
54%
Campania 728 231 Reggia di Caserta
33%
Toscana 1 704 776 Galleria dell'Accademia di Firenze
28%
Piemonte 837 093 Consorzio di Valorizzazione Culturale La Venaria reale
26%
Campania 558 962 Parco archeologico di Ercolano
25%
Lazio 572 976 Galleria Borghese a Roma
18%
Lombardia 445 728 Cenacolo Vinciano a Milano
12%
Toscana 644 569 Musei del Bargello a Firenze
12%
Campania 670 594 Museo Archeologico Nazionale di Napoli
12%
Lazio 1 207 091 Museo Nazionale di Castel Sant'Angelo
9%
Piemonte 493 689 Musei Reali a Torino
5%
Lazio 721 574 Villa Adriana e Villa d'Este a Tivoli
4%
Nessun quiz corrispondente trovato
Distribuzione punteggi
Percentuale di utenti per punteggio
Percentile per numero di risposta
I tuoi punteggi nel tempo
Non hai fatto questo quiz